000 01625cam a22004337a 4500
001 000093019
003 CHAP
005 20220817044004.0
008 050131d2004 mx abd r 00110 spa d
010 _a89485
011 _a90457
035 _a101013
040 _cCHAP
090 _aTesis
100 0 0 _aDomínguez Jiménez, Ignacio.
_933829
245 1 0 _aCaracterización y evaluación del sistema Milpa, en la comunidad Santa María Yacochi, Mixe, Oaxaca /
_c/por Ignacio Domínguez Jiménez.
260 _aChapingo, Méx. :
_bEl autor,
_c2004.
300 _a120 h. :
_bilus. ; gráfs. ; mapas ; cuadros.
502 _aTesis (Ing. Agr. Esp. en Fitotecnia) -- UACH. Departamento de Fitotecnia
590 _aALEPH
_b10
_c20130110
_lUCH01
_h1504
590 _aBATCH-UPD
_b10
_c20130110
_lUCH01
_h0338
590 _aBATCH-UPD
_b10
_c20130110
_lUCH01
_h1824
590 _aBATCH-UPD
_b10
_c20130410
_lUCH01
_h0012
590 _aBATCH-UPD
_b10
_c20130913
_lUCH01
_h2224
590 _aBATCH-UPD
_b10
_c20140324
_lUCH01
_h1449
590 _aBATCH-UPD
_b10
_c20141002
_lUCH01
_h0825
590 _aCONVERSION
_b10
_c20130109
_lUCH01
_h1350
590 _aE12093SGE
_b10
_c20130620
_lUCH01
_h0950
650 1 4 _aAgricultura sustentable.
650 1 4 _aLabranza.
_964303
650 1 4 _aSistemas de cultivo
_zOaxaca.
_9106758
856 _3Finding aid
_uhttp://10.13.5.2/tesis/101013.pdf
_zTeclea aquí
901 _aBK
905 _aMarco A. Mendoza T.
942 _cCD
942 _n0
949 _aTesis
_bBC
_cTES
_d1010131
_eTS1
_gDonaciØn
_h43525
_i101013
_sb
949 _aTesis
_bBC
_cTES
_d33724000943585
_eTS2
_fc.2
_gDonaciØn
_h43526
_i101013
_si
999 _c89485
_d89485